ŞEYTAN YEMİNİ (Record no. 808731)

MARC details
000 -LEADER
sabit uzunluktaki kontrol alanı 00248nam a2200097Ia 4500
001 - KONTROL NUMARASI
kontrol alanı 808731
005 - EN SON İŞLEMİN TARİH VE ZAMANI
kontrol alanı 20250826171255.0
008 - SABİT-UZUNLUKTA VERİ ÖĞELERİ--GENEL BİLGİ
sabit uzunluktaki kontrol alanı 250824s9999 xx 000 0 und d
245 #0 - ESER / YAZAR
ESER ADI ŞEYTAN YEMİNİ
Yazar Adı JEAN CHRISTOPHE GRANGE
260 ## - YAYIN, DAĞITIM, VB.
YAYIN EVİ DOĞAN YAYINLARI
Holdings
Düşüm durumu Kayıp durumu Sınıflandırma Kaynağı veya raf şeması Hasar Durumu Ödünç verilmez Ana kütüphane Geçerli Kütüphane Edinilen tarih Toplam ödünç verme sayısı Tam yer numarası Barkod Son görüntüleme tarihi Fiyatın geçerli olmaya başladığı tarih Koha materyal türü
    Dewey Ondalık Sınıflama     SELÇUKLU BELEDİYESİ ORTAOKULU SELÇUKLU BELEDİYESİ ORTAOKULU 24.08.2025   J6 (JEAN CHRISTOPHE GRANGE) 10583172 26.08.2025 26.08.2025 Books